Tư duy trong Java

Na minha lista:
Detalhes bibliográficos
Autor principal: Ngô, Trung Việt
Formato: Livro
Idioma:Undetermined
Publicado em: Hà Nội Khoa học Kỹ thuật 2001
Assuntos:
Tags: Adicionar Tag
Sem tags, seja o primeiro a adicionar uma tag!
Thư viện lưu trữ: Trung tâm Học liệu Trường Đại học Cần Thơ
LEADER 00530nam a2200193Ia 4500
001 CTU_63111
008 210402s9999 xx 000 0 und d
020 |b 27000 
082 |a 005.133 
082 |b V308/T.1 
100 |a Ngô, Trung Việt 
245 0 |a Tư duy trong Java 
245 0 |c Ngô Trung Việt 
260 |a Hà Nội 
260 |b Khoa học Kỹ thuật 
260 |c 2001 
650 |a Java ( computer program language ) 
904 |i Minh 
980 |a Trung tâm Học liệu Trường Đại học Cần Thơ